000 00400nam a2200193Ia 4500
001 13302
003 GE_BSU
008 181216s||||||||xx |||||||||||||| ||und||
040 _cGE_BSU
080 _a821.111-32
100 _aEddy,Paul.
245 _aMandrake.
260 _aLondon.
260 _bBCA headline book.
260 _c2002
300 _a438p;20cm.
653 _aMandrake.
942 _cBK
999 _c46464
_d46464